Top 4 In Major Men's Hockey International Tournaments - Statistics

General Stats
  • This quiz has been taken 24 times
    17 since last reset
  • The average score is 22 of 26
Answer Stats
Answer % Correct
Canada
100%
Finland
100%
France
100%
United States
100%
Czech Republic
94%
Germany
94%
ROC
94%
russia
94%
Slovakia
94%
Soviet Union
94%
Sweden
94%
West Germany
94%
Austria
88%
Bohemia
88%
Czechoslovakia
88%
Norway
88%
Poland
88%
United Kingdom
88%
Italy
82%
Switzerland
82%
Denmark
76%
Latvia
76%
Belarus
65%
Belgium
65%
East Germany
59%
Unified Team
18%
No matching quizzes found
Score Distribution
Percent of People with Each Score
Percentile by Number Answered
Your Score History
You have not taken this quiz since the last reset